[Event "East Region-ch U10"]
[Site "Medellin"]
[Date "2011.03.??"]
[Round "4.3"]
[White "Cardenas Escudero, Laura Yuliet"]
[Black "Yepez Ortiz, Dubier"]
[Result "0-1"]
[WhiteElo "1404"]
[BlackElo "1341"]
[PlyCount "49"]
[EventDate "2011.03.03"]
[EventType "tourn"]
[EventRounds "6"]
[EventCountry "COL"]
[SourceTitle "EXT 2024"]
[Source "ChessBase"]
[SourceDate "2023.10.10"]
[SourceVersion "1"]
[SourceVersionDate "2023.10.10"]
[SourceQuality "1"]

1. e4 e5 2. Nf3 Nc6 3. Bc4 Bc5 4. Nc3 Nf6 5. d3 h6 6. h3 d6 7. Bd2 a6 8. a3 Bd7 9. b4 Ba7 10. Qb1 b5 11. Ba2 Nd4 12. Qd1 Nxf3+ 13. Qxf3 Bd4 14. Rb1 Qe7 15. Nd5 Nxd5 16. Bxd5 Rb8 17. c3 Ba7 18. c4 c6 19. Qg3 cxd5 20. Qxg7 Qf8 21. Qxf8+ Rxf8 22. Bxh6 Rh8 23. Bd2 dxe4 24. cxb5 axb5 25. dxe4 0-1

[Event "Antioquia Region-ch U10"]
[Site "Medellin"]
[Date "2010.09.??"]
[Round "3.2"]
[White "Soto, Miguel Angel"]
[Black "Cardenas Escudero, Laura Yuliet"]
[Result "0-1"]
[WhiteElo "1360"]
[BlackElo "1315"]
[PlyCount "128"]
[EventDate "2010.09.03"]
[EventType "tourn"]
[EventRounds "7"]
[EventCountry "COL"]
[SourceTitle "EXT 2024"]
[Source "ChessBase"]
[SourceDate "2023.10.10"]
[SourceVersion "1"]
[SourceVersionDate "2023.10.10"]
[SourceQuality "1"]

1. e4 e5 2. Nf3 Nc6 3. Bc4 Bc5 4. 0-0 Nf6 5. Nc3 0-0 6. d3 h6 7. a3 d6 8. b4 Bb6 9. Nd5 Bd4 10. Nxf6+ Qxf6 11. Rb1 Be6 12. Bxe6 Qxe6 13. Re1 d5 14. exd5 Qxd5 15. Be3 Bc3 16. Bd2 Bd4 17. c4 Qd6 18. Rb3 Rfe8 19. Bc3 Bxc3 20. Rxc3 a6 21. Rb3 b5 22. c5 Qd5 23. Rc3 Nd4 24. Nxd4 Qxd4 25. Rb3 a5 26. Qc2 a4 27. Rc3 Re6 28. Re4 Qd5 29. Rg4 Rd8 30. h3 g6 31. Qd2 h5 32. Rg3 Qd4 33. Rc2 Qa1+ 34. Qc1 Qxc1+ 35. Rxc1 e4 36. Rd1 exd3 37. Rgxd3 Rxd3 38. Rxd3 Re1+ 39. Kh2 Re2 40. f3 Kg7 41. Rd7 c6 42. Rc7 Ra2 43. Rxc6 Rxa3 44. Ra6 Rb3 45. c6 Rxb4 46. c7 Rc4 47. Rb6 a3 48. Rxb5 Rxc7 49. Rb1 a2 50. Ra1 Ra7 51. Kg3 Kf6 52. Kf4 Ra4+ 53. Ke3 Ke5 54. Kd3 Kd5 55. Kc2 Kc4 56. Kb2 Kb4 57. Rxa2 Rxa2+ 58. Kxa2 Kc3 59. Kb1 Kd2 60. g4 hxg4 61. fxg4 Ke3 62. h4 Kf4 63. h5 gxh5 64. gxh5 Kg5 0-1